Statistics for U.S. Cities that are Bold in Google Maps

Click here to take the quiz!

General Stats

  • This quiz has been taken 78 times
    (27 since last reset)
  • The average score is 127 of 191

Answer Stats

HintAnswer% Correct
TexasDallas
100%
TexasHouston
100%
New YorkNew York
100%
New YorkAlbany
96%
TexasAustin
96%
MichiganDetroit
96%
HawaiiHonolulu
96%
TennesseeNashville
96%
UtahSalt Lake City
96%
CaliforniaSan Francisco
96%
IllinoisChicago
92%
OhioCincinnati
92%
ColoradoDenver
92%
TexasEl Paso
92%
IndianaIndianapolis
92%
MissouriKansas City
92%
NevadaLas Vegas
92%
TennesseeMemphis
92%
FloridaMiami
92%
MinnesotaMinneapolis
92%
LouisianaNew Orleans
92%
ArizonaPhoenix
92%
North CarolinaRaleigh
92%
CaliforniaSacramento
92%
WashingtonSeattle
92%
FloridaTampa
92%
New MexicoAlbuquerque
88%
AlaskaAnchorage
88%
GeorgiaAtlanta
88%
MarylandBaltimore
88%
LouisianaBaton Rouge
88%
AlabamaBirmingham
88%
MassachusettsBoston
88%
Georgia | OhioColumbus
88%
IowaDes Moines
88%
TexasFort Worth
88%
MississippiJackson
88%
NebraskaLincoln
88%
ArkansasLittle Rock
88%
OklahomaOklahoma City
88%
NebraskaOmaha
88%
PennsylvaniaPittsburgh
88%
OregonPortland
88%
Rhode IslandProvidence
88%
TexasSan Antonio
88%
New MexicoSanta Fe
88%
FloridaTallahassee
88%
OklahomaTulsa
88%
KansasWichita
88%
IdahoBoise
85%
North CarolinaCharlotte
85%
OhioCleveland
85%
Missouri | South CarolinaColumbia
85%
CaliforniaLos Angeles
85%
KentuckyLouisville
85%
CaliforniaOakland
85%
FloridaOrlando
85%
PennsylvaniaPhiladelphia
85%
CaliforniaSan Diego
85%
CaliforniaSan Jose
85%
MinnesotaSt. Paul
85%
North CarolinaWinston-Salem
85%
Texas | VirginiaArlington
81%
Colorado | IllinoisAurora
81%
New YorkBuffalo
81%
ColoradoColorado Springs
81%
ConnecticutHartford
81%
FloridaJacksonville
81%
WisconsinMadison
81%
ArizonaMesa
81%
WisconsinMilwaukee
81%
New JerseyNewark
81%
NevadaReno
81%
VirginiaRichmond
81%
OregonSalem
81%
Illinois | Massachusetts | MissouriSpringfield
81%
New JerseyTrenton
81%
ArizonaTucson
81%
CaliforniaAnaheim
77%
CaliforniaBakersfield
77%
South CarolinaCharleston
77%
North CarolinaDurham
77%
New JerseyJersey City
77%
KentuckyLexington
77%
AlabamaMontgomery
77%
WashingtonSpokane
77%
KansasTopeka
77%
VirginiaVirginia Beach
77%
Delaware | North CarolinaWilmington
77%
CaliforniaFresno
73%
New YorkSyracuse
73%
North Carolina
Greensboro
69%
TennesseeKnoxville
69%
TexasLubbock
69%
AlabamaMobile
69%
South DakotaSioux Falls
69%
MissouriSt. Louis
69%
OhioToledo
69%
MassachusettsWorcester
69%
TexasCorpus Christi
65%
OhioDayton
65%
WisconsinGreen Bay
65%
MinnesotaRochester
65%
GeorgiaSavannah
65%
ArizonaScottsdale
65%
WashingtonTacoma
65%
OhioAkron
62%
TexasAmarillo
62%
GeorgiaAthens
62%
GeorgiaAugusta
62%
OregonEugene
62%
FloridaFort Lauderdale
62%
IndianaFort Wayne
62%
MichiganGrand Rapids
62%
AlabamaHuntsville
62%
MichiganLansing
62%
ConnecticutNew Haven
62%
UtahProvo
62%
CaliforniaRiverside
62%
CaliforniaSan Bernardino
62%
LouisianaShreveport
62%
FloridaSt. Petersburg
62%
MichiganAnn Arbor
58%
TennesseeChattanooga
58%
ColoradoFort Collins
58%
VirginiaNorfolk
58%
ColoradoBoulder
54%
CaliforniaSanta Ana
54%
CaliforniaStockton
54%
New YorkYonkers
54%
VirginiaAlexandria
50%
IowaCedar Rapids
50%
NevadaHenderson
50%
LouisianaLafayette
50%
CaliforniaLong Beach
50%
CaliforniaPasadena
50%
TexasPlano
50%
ArizonaTempe
50%
TexasWaco
50%
PennsylvaniaErie
46%
FloridaGainesville
46%
Arizona | CaliforniaGlendale
46%
FloridaHollywood
46%
CaliforniaIrvine
46%
PennsylvaniaAllentown
42%
WashingtonBellevue
42%
VirginiaChesapeake
42%
North CarolinaFayetteville
42%
TexasLaredo
42%
WashingtonVancouver
42%
FloridaCape Coral
38%
FloridaHialeah
38%
TexasIrving
38%
IllinoisPeoria
38%
ArizonaChandler
35%
FloridaClearwater
35%
IndianaEvansville
35%
CaliforniaFremont
35%
IllinoisRockford
35%
FloridaWest Palm Beach
35%
CaliforniaChula Vista
31%
FloridaFort Myers
31%
ArizonaGilbert
31%
IllinoisNaperville
31%
VirginiaNewport News
31%
CaliforniaSanta Clarita
31%
FloridaBoca Raton
27%
CaliforniaLancaster
27%
KansasOverland Park
27%
NevadaParadise
27%
CaliforniaThousand Oaks
27%
TexasBeaumont
23%
TexasGarland
23%
CaliforniaModesto
23%
CaliforniaHuntington Beach
19%
FloridaLakeland
19%
CaliforniaOrange
19%
CaliforniaSanta Rosa
19%
ColoradoLakewood
15%
GeorgiaMarietta
15%
CaliforniaTorrance
12%
FloridaPompano Beach
8%
NevadaSpring Valley
4%

Score Distribution

Percentile by Number Answered

Percent of People with Each Score

Your Score History

You have not taken this quiz since the last reset